MARC

LEADER 00000nam0a2200000 4500
001 354194
005 20231102010652.0
035 |a (RuTPU)RU\TPU\retro\11452 
090 |a 354194 
100 |a 20200617d1980 m y0rusy50 ca 
101 0 |a rus  |a eng  |a fre 
102 |a UA 
105 |a a z 001zy 
200 1 |a Арены игр XXII Олимпиады  |f отв. ред. И. К. Козюля 
210 |a Москва  |c Стройиздат  |d 1980 
215 |a 224 с.  |c ил. 
320 |a Указатели: с. 215-218 
606 1 |a Стадионы крытые  |x Архитектура  |2 stltpush  |3 (RuTPU)RU\TPU\subj\56152  |9 74066 
606 1 |a Олимпийские игры  |2 stltpush  |3 (RuTPU)RU\TPU\subj\46964  |9 66036 
610 1 |a олимпийские объекты 
610 1 |a Москва 
610 1 |a строительство 
610 1 |a спортивные залы 
610 1 |a спортивные комплексы 
610 1 |a альбомы 
675 |a 725.8  |v 4 
675 |a 796.032.2  |v 4 
702 1 |a Козюля  |b И. К.  |4 340 
801 1 |a RU  |b 63413507  |c 20200617 
801 2 |a RU  |b 63413507  |c 20220601  |g RCR 
942 |c BK